Alle Länder und Anführer in Civ V - Statistiken

Allgemein
  • Dieses Quiz wurde 34 mal gespielt
  • Das Durchschnittsergebnis liegt bei 51 aus 86
Antwortstatistiken
Antwort % Korrekt
Deutschland
100%
China
96%
Frankreich
96%
Amerika
92%
England
92%
Spanien
92%
Ägypten
88%
Japan
88%
Otto von Bismarck
88%
Portugal
88%
Indien
85%
Inka
85%
Russland
85%
Dänemark
81%
Indonesien
81%
Polen
81%
Zulu
81%
Äthiopien
77%
Maria I.
77%
Maya
77%
Napoleon Bonaparte
77%
Osmanisches Reich
77%
Österreich
77%
Ramses II.
77%
Schweden
77%
Brasilien
73%
Elizabeth I.
73%
Niederlande
73%
Persien
73%
Arabien
69%
Azteken
69%
Griechenland
69%
Isabella I.
69%
Kelten
69%
Korea
69%
Marokko
69%
Mohandas Gandhi
69%
Rom
69%
Hunnenreich
65%
Siam
65%
Babylon
62%
Boudicca
62%
Dido
62%
Harald Blauzahn
62%
Mongolei
62%
Süleyman I. der Prächtige
62%
Venedig
62%
Alexander III. der Große
58%
Assyrien
58%
Attila
58%
Byzanz
58%
George Washington
58%
Kasimir III. der Große
58%
Irokesen
54%
Karthago
54%
Maria Theresia
54%
Polynesien
54%
Shaka
54%
Wu Zetian
54%
Katharina II. die Große
50%
Schoschonen
50%
Songhai
50%
Gustav II. Adolf
46%
Montezuma II.
46%
Peter II.
46%
Nebukadnezar II.
42%
Theodora
42%
Dschingis Khan [Temüüdschin]
38%
K’inich Janaab Pakal I. der Große
38%
Oda Nobunaga
38%
Pocatello
38%
Assurbanipal
35%
Kamehameha I. der Große
35%
Sejong der Große
35%
Dareios I. der Große
31%
Haile Selassie
31%
Harun al-Rashid
31%
Ahmad Al-Mansur
27%
Enrico Dandolo
27%
Hiawatha
27%
Gajah Mada
19%
Askiya Mohammad I
15%
Pachacútec Yupanqui
15%
Willem van Oranje
15%
Ramkhamhaeng der Wagemutige
8%
Augustus Caeser
4%
Keine übereinstimmenden Quizze gefunden
Verteilung der Resultate
Anzahl Personen mit jedem Resultat
Perzentil nach korrekt beantworteten Fragen
Ihre Resultats-Entwicklung
Sie haben dieses Quiz noch nicht gespielt